| 000 | 00684nam a2200265 4500 | ||
|---|---|---|---|
| 999 |
_c4416 _d4416 |
||
| 001 | 164814 | ||
| 003 | OSt | ||
| 005 | 20181205170104.0 | ||
| 008 | 820825s1971 miua 000 0 eng | ||
| 010 | _a75146572 | ||
| 035 | _a0004-71360 | ||
| 040 |
_aDLC _cDLC |
||
| 050 | 0 |
_aRC554 _b.W54 |
|
| 082 |
_a253.5 _bW681U |
||
| 100 | 1 | _aWilkerson, David R | |
| 245 | 1 | 4 |
_aThe untapped generation, _cby David & Don Wilkerson |
| 260 |
_aGrand Rapids, _bZondervan Pub. House _c[1971] |
||
| 300 |
_a256 p. _billus. _c22 cm |
||
| 650 | 0 | _aPersonality disorders | |
| 650 | 0 | _aYouth | |
| 650 | 0 | _aCounseling | |
| 650 | 0 | _aPsychology, Religious | |
| 700 | 1 | _aWilkerson, Don | |
| 942 |
_2ddc _cBK |
||